[Event "HUN-chT2 9394"]
[Site "?"]
[Date "1994.??.??"]
[Round "?"]
[White "Koczka, Zsolt"]
[Black "Ruck, Tamas"]
[Result "1/2-1/2"]
[WhiteElo "2285"]
[BlackElo "2320"]

1.d4 Nf6 2.c4 e6 3.Nf3 Bb4+ 4.Bd2 a5 5.Nc3 b6 6.e3 Bb7 7.Bd3 Bxc3 8.Bxc3 O-O
9.Qc2 d5 10.O-O Nc6 11.a3 Ne7 12.cxd5 Qxd5 13.b4 Ne4 14.Bxe4 Qxe4 15.Qxe4 Bxe4
16.bxa5 bxa5 17.Ne5 Rfd8 18.Rfc1 f6 19.Nc4 a4 20.f3 Bd3 21.Nb2 Bb5 22.Be1 c6
23.Nd1 Nd5 24.Bf2 Rd7 25.Nc3 Nxc3 26.Rxc3 Rad8 27.h3 Kf7 28.Rac1 Re8 29.Rc5 e5
30.dxe5 Rxe5 31.Rxe5 fxe5 32.e4 Rd3 33.Bc5 Ke6 34.Bb4 Rd4 35.Kf2 Rc4 36.Rxc4 Bxc4
37.h4 h5 38.Ke3 Bf1 39.g3 g6 40.Bc5 Bc4 41.f4 exf4+  1/2-1/2

[Event "IND-ch"]
[Site "?"]
[Date "1994.??.??"]
[Round "15"]
[White "Prakash, G B."]
[Black "Dave, Kantilal"]
[Result "1/2-1/2"]
[WhiteElo "2385"]
[BlackElo "2265"]

1.d4 Nf6 2.Nf3 e6 3.c4 Bb4+ 4.Bd2 Bxd2+ 5.Qxd2 O-O 6.Nc3 d5 7.e3 Nbd7 8.Rc1 c6
9.Bd3 Re8 10.O-O e5 11.dxe5 Nxe5 12.Nxe5 Rxe5 13.cxd5 Nxd5 14.Be2 Qa5 15.Rfd1 Nf6
16.Qd8+ Qxd8 17.Rxd8+ Re8 18.Rxe8+ Nxe8 19.g4 Be6 20.Rd1 Nf6 21.f3 Kf8 22.e4 Ke7
23.Kf2 Rd8 24.g5 Ne8 25.Rxd8 Kxd8 26.Ke3 Ke7 27.f4 f6 28.h4 Nd6 29.f5 Bf7
30.b3 Nc8 31.Na4 Kd6 32.Kf4 b5 33.Nc3 a5 34.Nd1 Nb6 35.Ne3 b4 36.Bd3 a4 37.bxa4 Nxa4
38.Bc4 Ke7 39.e5 fxe5+ 40.Kxe5 Nc3 41.f6+ gxf6+ 42.gxf6+ Kf8 43.Bxf7 Kxf7
44.Nf5 Nxa2 45.Nd6+ Kf8 46.Ke6 Nc3 47.Nc4 Na4 48.f7 b3 49.Nd2 b2 50.Nb1 c5
51.Kd5 Kxf7 52.Kc4 Nb6+ 53.Kxc5 Nd7+ 54.Kd4 Kg6 55.Kc3 Kh5 56.Kxb2 Kxh4 57.Nd2 h5
58.Ne4 Kg4 59.Kc2 Kf4 60.Nf2 Kf3 61.Nh3 Kg3 62.Ng5 Ne5 63.Kd1 Nf3 64.Ne4+ Kf4
65.Nf6 h4 66.Ke2 h3 67.Kf2 Ne5 68.Kg1 Kg3 69.Ne4+ Kh4  1/2-1/2

[Event "IRL-ch"]
[Site "?"]
[Date "1994.??.??"]
[Round "4"]
[White "Orr, Mark J L"]
[Black "Carton, Niall"]
[Result "1-0"]
[WhiteElo "2370"]
[BlackElo "2265"]

1.d4 e6 2.c4 Nf6 3.Nf3 Bb4+ 4.Bd2 Qe7 5.g3 Nc6 6.Bg2 Bxd2+ 7.Nbxd2 d6 8.O-O a5
9.e4 e5 10.d5 Nb8 11.Ne1 h5 12.h3 h4 13.g4 Nbd7 14.Nd3 g6 15.b3 Nh7 16.Qe2 O-O
17.a3 f5 18.exf5 gxf5 19.f4 fxg4 20.Qxg4+ Kh8 21.fxe5 Rg8 22.Qh5 Nxe5 23.Nxe5 Qxe5
24.Qxe5+ dxe5 25.Kh2 Ra6 26.Rf7 Rag6 27.Be4 R6g7 28.Raf1 Ng5 29.Rxg7 Rxg7
30.Bg2 Kg8 31.Re1 Nf7 32.b4 Rg3 33.Nf3 Bxh3 34.Nxh4 Rxa3 35.Bxh3 axb4 36.Be6 Rb3
37.Rf1  1-0

[Event "IRL-ch"]
[Site "?"]
[Date "1994.??.??"]
[Round "9"]
[White "Orr, Mark J L"]
[Black "Gillen, Adrian"]
[Result "1-0"]
[WhiteElo "2370"]
[BlackElo "2210"]

1.d4 Nf6 2.Nf3 e6 3.c4 Bb4+ 4.Bd2 Qe7 5.g3 a5 6.Bg2 Bxd2+ 7.Qxd2 d5 8.Nc3 c6
9.Ne5 Nbd7 10.f4 Nxe5 11.fxe5 Nd7 12.O-O O-O 13.Rf2 f6 14.exf6 Nxf6 15.e4 dxc4
16.e5 Nd5 17.Rxf8+ Qxf8 18.Ne4 Qb4 19.Qg5 Qe7 20.Qg4 Ne3 21.Qe2 Nxg2 22.Kxg2 b5
23.Nd6 Bd7 24.Qd2 a4 25.a3 Rf8 26.Rf1 c5 27.dxc5 Bc6+ 28.Kg1 Rxf1+ 29.Kxf1 Qf8+
30.Ke1 Qf3 31.Qf2 Qh1+ 32.Kd2 h6 33.Kc3 Qd1 34.Kb4 Qb3+ 35.Ka5 b4 36.Qf7+ Kh7
37.Kb6 bxa3+ 38.Kxc6 axb2 39.Ne8 Qf3+ 40.Qxf3 b1=Q 41.Nd6  1-0

[Event "Jakarta"]
[Site "Jakarta"]
[Date "1994.??.??"]
[Round "1"]
[White "Adianto, Utut"]
[Black "Hracek, Zbynek"]
[Result "0-1"]
[WhiteElo "2535"]
[BlackElo "2510"]

1.d4 Nf6 2.c4 e6 3.Nf3 Bb4+ 4.Bd2 Qe7 5.g3 Nc6 6.Nc3 Bxc3 7.Bxc3 Ne4 8.Rc1 d6
9.Bg2 O-O 10.O-O Nxc3 11.Rxc3 e5 12.d5 Nb8 13.Nd2 a5 14.e4 Na6 15.Qe2 c6
16.f4 Bd7 17.f5 f6 18.b3 a4 19.h4 axb3 20.axb3 c5 21.g4 Nb4 22.Rg3 Ra2 23.g5 Nc2
24.Nf3 Rfa8 25.Rf2 Kh8 26.Bf1 Be8 27.gxf6 gxf6 28.Nh2 Nb4 29.Qg4 Qf8 30.Rxa2 Rxa2
31.h5 b6 32.Qh4 Ra7 33.Ng4 Rf7 34.h6 Nc2 35.Qh2 Nd4 36.Qa2 Bd7 37.Kh2 Bxf5
38.exf5 Nxf5 39.Rh3 Nd4 40.Ne3 f5 41.Nc2 Rf6 42.Nxd4 cxd4 43.Qa7 Rg6 44.Qxb6 f4
45.Bd3 f3 46.Bxg6 Qf4+ 47.Rg3 Qh4+  0-1

[Event "JUG-chT2"]
[Site "?"]
[Date "1994.??.??"]
[Round "1"]
[White "Lakic, Nikola"]
[Black "Raicevic, Ivica"]
[Result "1/2-1/2"]
[WhiteElo "2310"]
[BlackElo "2365"]

1.d4 e6 2.c4 Nf6 3.Nf3 Bb4+ 4.Bd2 a5 5.g3 b6 6.Bg2 O-O 7.O-O c6 8.Bg5 Be7
9.Nc3 Ba6 10.Ne5 d5 11.cxd5 cxd5 12.Re1 h5 13.Bf4 b5 14.Rc1 Ra7 15.a4 b4
16.Nb1 Nfd7 17.Nd3 Qb6 18.e3 Nc6 19.g4 Rc8 20.Bf1 Raa8 21.Nd2 Nd8 22.Qb3  1/2-1/2

[Event "JUG-chT2"]
[Site "?"]
[Date "1994.??.??"]
[Round "2"]
[White "Popov, Luben"]
[Black "Mackic, Zoran"]
[Result "1/2-1/2"]
[WhiteElo "2395"]
[BlackElo "2400"]

1.d4 Nf6 2.c4 e6 3.Nf3 Bb4+ 4.Bd2 Qe7 5.g3 Nc6 6.Bg2 Bxd2+ 7.Nbxd2 d6 8.O-O O-O
9.e4 e5 10.d5 Nb8 11.Ne1 a5 12.b3 Na6 13.a3 Ng4 14.h3 Nh6 15.Nd3 Nc5 16.Qc2 Nxd3
17.Qxd3 f5 18.exf5 Bxf5 19.Ne4 b6 20.Rae1 Qd7 21.Kh2 Nf7 22.Qc3 h6 23.f4 Rae8
24.g4 Bxe4 25.Bxe4 exf4 26.Rxf4 Ne5 27.Bf5 Qd8 28.Ref1 Kh8 29.Kg3 Rf6 30.h4 g6
31.Be6 Ref8 32.Qe3 Kg7 33.Rxf6 Rxf6 34.Rxf6 Qxf6 35.g5 hxg5 36.hxg5 Qf1 37.Bh3 Qf8
38.a4 Qe7 39.Be6 Qd8 40.Qf4 Qf8 41.Qe3 Qf1 42.Bh3 Qd1 43.Be6 Kf8 44.Kg2 Ke7
45.Qf2 Ke8 46.Qf6 Qe2+  1/2-1/2

[Event "JUG-chT2"]
[Site "?"]
[Date "1994.??.??"]
[Round "4"]
[White "Ilic, Zoran"]
[Black "Zlatanovic, Zoran"]
[Result "1-0"]
[WhiteElo "2385"]
[BlackElo "2280"]

1.d4 Nf6 2.Nf3 e6 3.c4 Bb4+ 4.Bd2 a5 5.g3 d5 6.Qc2 Ra6 7.Bxb4 axb4 8.Nbd2 dxc4
9.Qxc4 Nc6 10.Bg2 O-O 11.O-O Qe7 12.Rfc1 Rd8 13.Nb3 Ne8 14.Nc5 Nd6 15.Qc2 Ra7
16.Nd3 Bd7 17.Qb3 Nb5 18.e3 Rda8 19.Rc5 Nd6 20.h4 Be8 21.Nfe5 Nxe5 22.dxe5 Nf5
23.Qxb4 Rxa2 24.Rxa2 Rxa2 25.Qxb7 Ra1+ 26.Kh2 Qd8 27.Rxc7 Qxd3 28.Qb8 h5
29.Qxe8+ Kh7 30.Qxf7 Qd1 31.e4  1-0

[Event "JUG-chT2"]
[Site "?"]
[Date "1994.??.??"]
[Round "4"]
[White "Popov, Luben"]
[Black "Petrosian, Arshak B"]
[Result "1/2-1/2"]
[WhiteElo "2395"]
[BlackElo "2455"]

1.d4 Nf6 2.c4 e6 3.Nf3 Bb4+ 4.Bd2 Qe7 5.g3 Nc6 6.Nc3 Bxc3 7.Bxc3 Ne4 8.Qc2 Nxc3
9.Qxc3 O-O 10.Bg2 d6 11.O-O e5 12.d5 Nd8 13.e4 c5 14.Nd2 Bd7 15.a3  1/2-1/2

[Event "JUG-chT2"]
[Site "?"]
[Date "1994.??.??"]
[Round "8"]
[White "Krstic, Ranko"]
[Black "Nikolic, Goran"]
[Result "1/2-1/2"]
[WhiteElo "2260"]
[BlackElo "2355"]

1.d4 Nf6 2.c4 e6 3.Nf3 Bb4+ 4.Bd2 Qe7 5.a3 Bxd2+ 6.Qxd2 b6 7.Nc3 Bb7 8.e3 Ne4
9.Nxe4 Bxe4 10.Bd3 Bb7 11.Qc2 d6 12.Be4 Bxe4 13.Qxe4 c6 14.O-O O-O 15.b4 f5
16.Qc2 Nd7  1/2-1/2

[Event "Heart of Finland op 4th"]
[Site "Jyvaskyla"]
[Date "1994.??.??"]
[Round "?"]
[White "Tsiganova, Monika"]
[Black "Pulkkinen, Kari"]
[Result "1/2-1/2"]
[WhiteElo "2260"]
[BlackElo "2355"]

1.d4 Nf6 2.c4 e6 3.Nf3 Bb4+ 4.Bd2 Qe7 5.a3 Bxd2+ 6.Nbxd2 d6 7.e3 e5 8.dxe5 dxe5
9.Qc2 e4 10.Nd4 O-O 11.Ne2 Bf5 12.h4 h6 13.Nf4 Nbd7 14.Be2 Rad8 15.O-O-O Ne5
16.Nb3 c5 17.Rxd8 Rxd8 18.Rd1 g5 19.hxg5 hxg5 20.Rxd8+ Qxd8 21.Nd5 Nxd5  1/2-1/2

[Event "Heart of Finland op 4th"]
[Site "Jyvaskyla"]
[Date "1994.??.??"]
[Round "?"]
[White "Niemela, Antti"]
[Black "Raisa, Unto"]
[Result "1/2-1/2"]
[WhiteElo "2165"]
[BlackElo "2240"]

1.d4 Nf6 2.c4 e6 3.Nf3 Bb4+ 4.Bd2 Qe7 5.g3 O-O 6.Bg2 Bxd2+ 7.Nbxd2 d6 8.e4 e5
9.d5 a5 10.O-O Bg4 11.h3 Bxf3 12.Qxf3 Nbd7 13.Rfe1 g6 14.h4 Nh5 15.Bh3 Nc5
16.Nb3 b6 17.Qc3 Ng7 18.Nxc5 dxc5 19.Re2 Qd6 20.Rae1  1/2-1/2

[Event "JUG-ch sf"]
[Site "Kladovo"]
[Date "1994.??.??"]
[Round "?"]
[White "Scekic, Milos"]
[Black "Milanovic, Danilo"]
[Result "1/2-1/2"]
[WhiteElo "2265"]
[BlackElo "2300"]

1.d4 Nf6 2.Nf3 e6 3.c4 Bb4+ 4.Bd2 a5 5.g3 b6 6.Bg2 Ba6 7.a3 Be7 8.Qc2 O-O
9.Bf4 c5 10.O-O Ra7 11.dxc5 bxc5 12.Rd1 d6 13.e4 Rd7 14.Bh3 Qb6 15.b3 Rb7
16.Nbd2 e5 17.Bg5 Nc6 18.Bxf6 Bxf6 19.Rab1 Rc7 20.Nf1 Nd4 21.Nxd4 cxd4 22.a4 Qc5
23.Qd2 Rb8 24.f4 Bb7 25.Qd3 Bc6 26.Nd2 Rcb7 27.Rf1 Qb4 28.Rbc1 Qa3 29.Ra1 Qc5
30.Rf3 exf4 31.gxf4 Re7 32.Rff1 Rbe8 33.Bg2 Bh4 34.Qh3 Bf6 35.Rae1 Qb4 36.e5 Bxg2
37.Qxg2 dxe5 38.Ne4 Kh8 39.f5 Qxb3 40.Rf3 d3 41.Kh1 d2 42.Nxd2 Qb4 43.Rb1 e4
44.Re3 Qc5 45.Rxe4 h6 46.Rbe1 Qxf5 47.Rxe7 Rxe7 48.Rxe7 Bxe7 49.Qa8+ Kh7
50.Qe4 Qxe4+ 51.Nxe4 f5 52.Nd2 Kg6 53.Nb3 Bd8 54.c5 Kf6 55.Nd4 g6 56.Kg2 Ke5
57.Nc6+ Kd5 58.Nxd8 Kxc5 59.Nf7 h5 60.Ne5 g5 61.Nd7+ Kb4  1/2-1/2

[Event "JUG-ch sf"]
[Site "Kladovo"]
[Date "1994.??.??"]
[Round "?"]
[White "Jovanovic, Bojan"]
[Black "Milanovic, Danilo"]
[Result "0-1"]
[WhiteElo "2355"]
[BlackElo "2300"]

1.d4 Nf6 2.c4 e6 3.Nf3 Bb4+ 4.Bd2 a5 5.g3 b6 6.Bg2 Bb7 7.O-O O-O 8.b3 Ne4
9.Bxb4 axb4 10.Nfd2 d5 11.Nxe4 dxe4 12.e3 e5 13.Qc2 f5 14.Rd1 Qf6 15.c5 exd4
16.exd4 Rd8 17.Qc4+ Kh8 18.cxb6 c5 19.Qxc5 Na6 20.Qc2 Rac8 21.Qb2 Nc5 22.Bf1 Nd3
23.Bxd3 exd3 24.Rxd3 Rxd4  0-1

[Event "Kstovo op"]
[Site "Kstovo"]
[Date "1994.??.??"]
[Round "1"]
[White "Koniushkov, Igor"]
[Black "Yuferov, Sergey  N"]
[Result "1/2-1/2"]
[WhiteElo "2230"]
[BlackElo "2470"]

1.d4 Nf6 2.c4 e6 3.Nf3 Bb4+ 4.Bd2 a5 5.g3 d6 6.Bg2 Nbd7 7.O-O e5 8.Nc3 c6
9.Qc2 O-O 10.e4 exd4 11.Nxd4 Re8 12.Rad1 Nc5 13.Rfe1 Qb6 14.a3 Bxc3 15.Bxc3 Ng4
16.b3 Bd7 17.h3 Ne5 18.Kh2 f6 19.f4 Nf7 20.Ra1 Re7 21.b4 axb4 22.axb4 Rxa1
23.Rxa1 Na6 24.Rb1 Qc7 25.Nb3 Be6 26.Bf1 d5 27.exd5 cxd5 28.c5 h5 29.Qf2 Bf5
30.Re1 Be4 31.b5 Nb8 32.Ba5 Qc8 33.Bb4 Re8 34.Nd4 Nh6 35.Rc1 Nf5 36.Nxf5 Qxf5
37.c6 Rc8 38.c7 Nd7 39.b6 Ne5 40.Rc3 Nd3 41.Qd4 Ne1 42.Qf2 Nd3 43.Qd4 Ne1
44.Qf2 Nd3  1/2-1/2

[Event "Kstovo op"]
[Site "Kstovo"]
[Date "1994.??.??"]
[Round "2"]
[White "Talanin, Andrei"]
[Black "Romanov, Oleg"]
[Result "1-0"]
[WhiteElo "2260"]
[BlackElo "2270"]

1.d4 Nf6 2.c4 e6 3.Nf3 Bb4+ 4.Bd2 a5 5.g3 d5 6.Bg2 dxc4 7.O-O Nc6 8.a3 Bxd2
9.Qxd2 Rb8 10.a4 O-O 11.Na3 b6 12.Nxc4 Nb4 13.Nfe5 Bb7 14.f3 Rc8 15.Rfd1 h6
16.e4 Qe7 17.Qf2 Rfd8 18.Bh3 Nh7 19.Rd2 Qe8 20.b3 Ng5 21.Bg2 f6 22.Ng4 Qh5
23.Nge3 Nh3+ 24.Bxh3 Qxh3 25.Rad1 Qh5 26.h4 f5 27.d5 exd5 28.Nxf5 Re8 29.g4 Qf7
30.Nce3 Rcd8 31.Qg3 c5 32.exd5 Nxd5 33.Nc4 Qf6 34.Ncd6 Bc6 35.Nxe8 Rxe8 36.Qd6 Re6
37.Qb8+ Kh7 38.Qg3 Nb4 39.Re1 Rxe1+ 40.Qxe1 Bxf3 41.Qg3 Qa1+ 42.Kf2 Be4 43.Nd6 Qf6+
44.Ke2 Bg6 45.h5 Bb1 46.Qf3 Qe6+ 47.Kf2 Bc2 48.Nc4 Be4 49.Re2 Bxf3 50.Rxe6 Nc6
51.Rd6 Bh1 52.Ke3 Nd4 53.Rxb6  1-0

[Event "Kstovo op"]
[Site "Kstovo"]
[Date "1994.??.??"]
[Round "4"]
[White "Akhmadeev, Vadim"]
[Black "Loginov, Valery A"]
[Result "0-1"]
[WhiteElo "2395"]
[BlackElo "2610"]

1.d4 Nf6 2.c4 e6 3.Nf3 Bb4+ 4.Bd2 Qe7 5.g3 Nc6 6.Bg2 Bxd2+ 7.Nbxd2 d6 8.O-O O-O
9.e4 e5 10.d5 Nb8 11.Ne1 a5 12.b3 Na6 13.a3 Bg4 14.f3 Bd7 15.Nd3 c6 16.dxc6 Bxc6
17.a4 Nd7 18.Nb1 f5 19.Nf2 fxe4 20.fxe4 Ndc5 21.Nc3 Ne6 22.Rb1 Nac5 23.Ne2 Be8
24.Qd2 Bh5 25.g4 Bg6 26.Rfd1 Rxf2 27.Kxf2 Bxe4 28.Kg1 Bxb1 29.Rxb1 Qg5 30.Qxg5 Nxg5
31.Nc3 Nge6 32.Nb5 Rd8 33.Rd1 Kf8 34.Rxd6 Ke7 35.Rd5 Rxd5 36.cxd5 Nd4 37.Na3 Ndxb3
38.Nc4 Nxa4 39.d6+ Kd7 40.Bxb7 Nc3 41.g5 e4 42.Kf2 a4 43.Ke3 Nc5 44.Ba8 Nb5
45.Nb6+ Kxd6 46.Nxa4 Nxa4 47.Bxe4 h6 48.gxh6 gxh6 49.Kf4 Ke6 50.Kg4 Kf6 51.Kh5 Kg7
52.Kg4 Nd6 53.Bd3 Nc5 54.Bc2 Nd7 55.Kf4 Kf6 56.Kg4 Ne5+ 57.Kf4 Ndf7 58.Bd1 Ng5
59.Kg3 Ne6 60.Kh4 Nd4 61.Kh5 Kg7 62.Kh4 Nf5+ 63.Kh3 Kf6 64.Ba4 Kg5 65.Kg2 h5
66.Bb3 h4 67.Be6 Ne3+ 68.Kf2 Kf4 69.Bc8 Nf3 70.h3 Ng5 71.Bd7 Ne4+ 72.Ke2 Nf5
73.Kf1 Nfg3+ 74.Kg2 Ke3 75.Bc8 Nc3 76.Kg1 Nce2+ 77.Kg2 Nf4+ 78.Kg1 Ne4 79.Bg4 Ng5
80.Bc8 Kf3 81.Bg4+ Kg3 82.Bc8 Nfxh3+ 83.Kf1 Nf2 84.Kg1 Ng4 85.Bb7 Nf3+  0-1

[Event "Kstovo op"]
[Site "Kstovo"]
[Date "1994.??.??"]
[Round "8"]
[White "Yuferov, Sergey  N"]
[Black "Loginov, Valery A"]
[Result "1/2-1/2"]
[WhiteElo "2470"]
[BlackElo "2610"]

1.d4 Nf6 2.c4 e6 3.Nf3 Bb4+ 4.Bd2 Qe7 5.e3 b6 6.Bxb4 Qxb4+ 7.Qd2 Qxd2+ 8.Nbxd2 Bb7
9.Be2 d6 10.O-O c5 11.Rac1  1/2-1/2

[Event "Kurgan"]
[Site "Kurgan"]
[Date "1994.??.??"]
[Round "11"]
[White "Avrukh, Boris"]
[Black "Obukhov, Alexander"]
[Result "1-0"]
[WhiteElo "2425"]
[BlackElo "2445"]

1.d4 Nf6 2.c4 e6 3.Nf3 Bb4+ 4.Bd2 c5 5.Bxb4 cxb4 6.g3 O-O 7.Bg2 d6 8.O-O Re8
9.a3 bxa3 10.b4 Nc6 11.b5 Na5 12.Nxa3 Qc7 13.Nd2 Rb8 14.Rc1 b6 15.Nb3 Nxb3
16.Qxb3 e5 17.Nc2 Bg4 18.f3 Bd7 19.Nb4 Rbc8 20.d5 Qc5+ 21.e3 Ra8 22.Na6 Qc8
23.Qa3 Rd8 24.e4 h5 25.f4 Bh3 26.Qf3 Bxg2 27.Kxg2 Qg4 28.h3 Qxf3+ 29.Kxf3 exf4
30.gxf4 Nd7 31.Rfe1 Rac8 32.Nb4 Nc5 33.Re2 Re8 34.Nc6 a5 35.bxa6 Nxa6 36.e5 dxe5
37.Rxe5 Kf8 38.Rxh5 g6 39.Rh8+ Kg7 40.Rxe8 Rxe8 41.Rb1 Nc5 42.Rxb6 Ne4 43.Ne5 Nd2+
44.Kg3 f6 45.Rb7+ Kg8 46.Ng4 Ne4+ 47.Kg2 Rc8 48.Ne3 Nd6 49.Rb4 Kg7 50.Ra4 f5
51.Kf3 Kh6 52.Ke2 Kh5 53.Kd3 g5 54.fxg5 f4 55.Ng4 Kxg5 56.Ne5 Kh4 57.Ra6 Nb7
58.Kd4 Kxh3 59.Rh6+ Kg3 60.Rg6+ Kh3 61.d6 Na5 62.d7 Rd8 63.c5 Nb3+ 64.Kd5 Nxc5
65.Kxc5 f3 66.Rf6 Kg2 67.Kd6 f2 68.Ng4  1-0

[Event "Lenk op"]
[Site "Lenk"]
[Date "1994.??.??"]
[Round "3"]
[White "Probst, Dieter"]
[Black "Horvath, Sandor"]
[Result "0-1"]
[WhiteElo "2130"]
[BlackElo "2320"]

1.d4 Nf6 2.c4 e6 3.Nf3 Bb4+ 4.Bd2 Qe7 5.g3 b6 6.Bg2 Bb7 7.O-O Bxd2 8.Qxd2 d6
9.Nc3 Ne4 10.Nxe4 Bxe4 11.Ne1 Bxg2 12.Nxg2 Nd7 13.e4 O-O 14.Rfe1 Rae8 15.Ne3 Qf6
16.Rad1 h5 17.Qe2 Qh6 18.Ng2 e5 19.dxe5 Nxe5 20.f4 Ng4 21.h3 Nf6 22.Qf3 Re7
23.e5 dxe5 24.Rxe5 Rxe5 25.fxe5 Nh7 26.h4 Qe6 27.Qxh5 Qxc4 28.Nf4 Qc5+ 29.Kh1 Re8
30.e6 Qxh5 31.Nxh5 Rxe6 32.Rd8+ Nf8 33.Nf4 Rd6 34.Rxd6 cxd6 35.Nd5 Ng6 36.b4 Kf8
37.b5 Ke8 38.Ne3 Ne7 39.Kg2 Kd7 40.Kf3 d5 41.Ke2 Kd6 42.Kd3 Kc5 43.g4 Kxb5
44.h5 f6 45.Ng2 Kc5 46.Nf4 Kd6  0-1

[Event "Lippstadt"]
[Site "Lippstadt"]
[Date "1994.??.??"]
[Round "3"]
[White "Farago, Ivan"]
[Black "Gostisa, Leon"]
[Result "1/2-1/2"]
[WhiteElo "2515"]
[BlackElo "2410"]

1.d4 Nf6 2.c4 e6 3.Nf3 Bb4+ 4.Bd2 c5 5.Bxb4 cxb4 6.g3 O-O 7.Bg2 d6 8.O-O a5
9.Qd3 Qc7 10.Nbd2 b6 11.e4 e5 12.Ne1 Ba6 13.Nc2 Nc6 14.Rfd1 Rad8 15.d5  1/2-1/2

[Event "Lippstadt"]
[Site "Lippstadt"]
[Date "1994.??.??"]
[Round "9"]
[White "Boensch, Uwe"]
[Black "Wehmeier, Stefan"]
[Result "1/2-1/2"]
[WhiteElo "2535"]
[BlackElo "2290"]

1.d4 Nf6 2.Nf3 e6 3.c4 Bb4+ 4.Bd2 Qe7 5.g3 Bxd2+ 6.Qxd2 d5 7.Bg2 O-O 8.O-O c6
9.Rc1 Nbd7 10.Qe3 Re8 11.Ne5 Nxe5 12.dxe5 Nd7 13.Nd2 f6 14.exf6 Nxf6 15.Nf3 e5
16.cxd5 cxd5 17.Qc5 b6 18.Qxe7 Rxe7 19.Rc2 Bb7 20.Rac1 Rae8 21.Rc7 d4 22.Nd2 Ba6
23.e4 dxe3 24.fxe3 Rxc7 25.Rxc7 Rd8 26.Rxa7 Rxd2 27.Rxa6 Rxb2 28.Bh3 Ne4
29.Be6+ Kf8 30.Bd5 Nc3 31.Bb3 Ne2+ 32.Kh1 Nc1 33.Rxb6 Nxa2 34.Rb7 Nc1 35.Rf7+ Ke8
36.Bc4 Rc2 37.Rc7 Kd8 38.Rc5 e4 39.Rd5+ Ke7 40.Rd4 Kf6 41.Rxe4 Ne2 42.Re6+ Kg5
43.Bd3 Rd2 44.Bxh7 Kg4 45.Be4 Nxg3+ 46.hxg3 Kxg3 47.Rg6+ Kf2 48.Rxg7 Kxe3
49.Bg2 Kf4 50.Kh2 Rd3 51.Ra7 Rc3 52.Ra4+ Ke5 53.Ba8 Rd3 54.Kg2 Rd4 55.Ra7 Rd2+
56.Kg3 Rd8 57.Ra5+ Kd4 58.Bf3 Rb8 59.Rd5+ Ke3 60.Re5+ Kd4 61.Re4+ Kd3 62.Re7 Kd4
63.Be4 Rf8 64.Kg4 Rh8 65.Bh7 Kd5 66.Kf4 Kd6 67.Ra7 Kc5 68.Be4 Rb8 69.Rd7 Rh8
70.Ke3 Rh3+ 71.Bf3 Rh4 72.Rd5+ Kc4 73.Rd1 Kc5 74.Rc1+ Kd6 75.Be4 Ke5 76.Rc5+ Kd6
77.Rd5+ Ke6 78.Kd4 Rh8 79.Rg5 Rd8+ 80.Bd5+ Kf6 81.Rg2 Rh8 82.Rf2+ Ke7 83.Rf7+ Kd6
84.Rg7 Rh2 85.Rg6+ Ke7 86.Kc5 Rc2+ 87.Bc4 Rd2 88.Re6+ Kd7 89.Rf6 Ke7 90.Rf7+ Ke8
91.Rb7 Rc2 92.Kd4 Rc1 93.Be6 Kd8 94.Ke5 Rc7 95.Rb8+ Ke7 96.Rh8 Rc5+ 97.Bd5 Rc1
98.Rh7+ Kf8 99.Rf7+ Ke8 100.Kd6  1/2-1/2

[Event "Lloyds Bank op"]
[Site "London"]
[Date "1994.??.??"]
[Round "4"]
[White "Lodhi, Mahmood"]
[Black "Holm, Magnus"]
[Result "1-0"]
[WhiteElo "2450"]
[BlackElo "2240"]

1.d4 Nf6 2.c4 e6 3.Nf3 Bb4+ 4.Bd2 Qe7 5.g3 Nc6 6.Bg2 Bxd2+ 7.Nbxd2 d6 8.O-O a5
9.e4 e5 10.d5 Nb8 11.Nh4 O-O 12.Qc2 Na6 13.Rae1 Re8 14.Nb3 b6 15.Nc1 Bd7
16.b3 Reb8 17.a4 Re8 18.Ne2 Nc5 19.Nc3 Qf8 20.f4 Re7 21.Nf3 Ne8 22.fxe5 dxe5
23.Nh4 Nd6 24.Nb1 f6 25.Nd2 Rf7 26.Rf2 Qe7 27.Qc3 Raf8 28.Qe3 Qd8 29.h3 Qc8
30.Kh2 Qd8 31.g4 g5 32.Nhf3 Qe7 33.Ng1 Rg7 34.Ne2 Be8 35.Ng3 Bg6 36.Bf3 Qe8
37.Bd1 Qe7 38.Ref1 Rgf7 39.Bc2 Kg7 40.Rb1 Ra8 41.Rbf1 Rh8 42.Qe2 Rff8 43.Bd1 Rf7
44.Rh1 Rff8 45.Qe3 Qd8 46.Kg1 Qe7 47.Kf1 Qd8 48.Ke1 Qe7 49.Rfh2 Qd8 50.Bf3 Qe7
51.h4 h6 52.Qe2 Qd8 53.Rh3 Qe8 54.Nf5+ Bxf5 55.gxf5 Qd8 56.Bh5 Nc8 57.Bg6 Ne7
58.hxg5 fxg5 59.Qh2 Nd7 60.Rxh6 Nf6 61.Nf3 Ng4 62.Rh7+ Rxh7 63.Qxh7+ Kf6
64.Qh5  1-0

[Event "Lloyds Bank op"]
[Site "London"]
[Date "1994.??.??"]
[Round "8"]
[White "Trifunovic, Aleksandar"]
[Black "Pritchett, Craig William"]
[Result "1/2-1/2"]
[WhiteElo "2225"]
[BlackElo "2360"]

1.d4 Nf6 2.Nf3 e6 3.c4 Bb4+ 4.Bd2 a5 5.g3 b6 6.Bg2 Bb7 7.a3 Bxd2+ 8.Qxd2 O-O
9.Nc3 d6 10.Qc2 Nbd7 11.O-O Qe7 12.e4 e5 13.d5 g6 14.b4 Nh5 15.Nd2 f5 16.exf5 gxf5
17.Rae1 Ng7 18.Nf3 Qf6 19.Nb5 axb4 20.axb4 e4 21.Nfd4 Ne5 22.f3 exf3  1/2-1/2

[Event "Lloyds Bank op"]
[Site "London"]
[Date "1994.??.??"]
[Round "8"]
[White "Bisby, Daniel L"]
[Black "Corkett, Anthony"]
[Result "0-1"]
[WhiteElo "2150"]
[BlackElo "2295"]

1.d4 Nf6 2.Nf3 e6 3.c4 Bb4+ 4.Bd2 c5 5.g3 O-O 6.Bg2 Nc6 7.Bxb4 cxb4 8.d5 Na5
9.Qd3 b5 10.cxb5 Nxd5 11.e4 Nc7 12.O-O Rb8 13.a3 Rxb5 14.Nd4 Rb6 15.axb4 Nc6
16.Nxc6 dxc6 17.Qe3 Rxb4 18.Nc3 e5 19.Qc5 Qd4 20.Qxa7 Ne6 21.Qa5 Rxb2 22.Ra4 Qd6
23.Rd1 Nd4 24.f4 f6 25.Ra2 Rxa2 26.Qxa2+ Be6 27.Qf2 Ra8 28.h3 Ra3 29.Qe1 Qc5
30.Nb1 Nf3+  0-1

[Event "Makarska"]
[Site "Makarska"]
[Date "1994.??.??"]
[Round "?"]
[White "Gyorkos, Lajos"]
[Black "Horvath, Csaba"]
[Result "1/2-1/2"]
[WhiteElo "2415"]
[BlackElo "2540"]

1.d4 Nf6 2.c4 e6 3.Nf3 Bb4+ 4.Bd2 Qe7 5.g3 Nc6 6.Bg2 Bxd2+ 7.Nbxd2 d6 8.O-O O-O
9.e4 e5 10.d5 Nb8 11.Ne1 c6 12.Nd3 cxd5 13.cxd5 Nbd7 14.b3  1/2-1/2

[Event "CRO-chT"]
[Site "Makarska"]
[Date "1994.??.??"]
[Round "5"]
[White "Horvath, Csaba"]
[Black "Hulak, Krunoslav"]
[Result "1/2-1/2"]
[WhiteElo "2535"]
[BlackElo "2530"]

1.d4 Nf6 2.c4 e6 3.Nf3 Bb4+ 4.Bd2 c5 5.Bxb4 cxb4 6.g3 O-O 7.Bg2 d6 8.O-O Nc6
9.Nbd2 e5 10.d5 Nb8 11.a3 bxa3 12.Rxa3 Qb6 13.Qb3 Qxb3 14.Rxb3 Nbd7 15.Ra1 a6
16.Ne1 Re8 17.e4 Kf8 18.Nd3 Ke7 19.Rc3 b6 20.b4 Kd8 21.Nb3 Re7 22.c5 dxc5
23.bxc5 Nxc5 24.Ndxc5 bxc5 25.Na5 Re8 26.Rxc5 Nd7 27.Rc3 Ke7 28.Rd1 Kf8 29.d6 Nf6
30.Rc7 Bd7 31.Nb7 Rec8 32.Nc5 Rd8 33.f4 Bg4 34.Rd2 Ne8 35.Rc6 Nf6 36.f5 Rab8
37.h3 Rb1+ 38.Kh2 Bd1 39.Rxa6 h5 40.Nd3 Nd7 41.Ra5 f6 42.Nf2 Bb3 43.Rb5 Ba2
44.Rxb1 Bxb1 45.Kg1 Rb8 46.Kf1 Ke8  1/2-1/2

[Event "Maribor Pirc"]
[Site "Maribor"]
[Date "1994.??.??"]
[Round "6"]
[White "Farago, Ivan"]
[Black "Cebalo, Miso"]
[Result "1/2-1/2"]
[WhiteElo "2515"]
[BlackElo "2520"]

1.d4 Nf6 2.c4 e6 3.Nf3 Bb4+ 4.Bd2 Qe7 5.g3 Nc6 6.Bg2 Bxd2+ 7.Nbxd2 d6 8.O-O a5
9.e4 e5 10.d5 Nb8 11.Re1 O-O  1/2-1/2

[Event "Wch U20 Girls"]
[Site "Matinhos"]
[Date "1994.??.??"]
[Round "?"]
[White "Kadimova, Ilaha"]
[Black "Edzgveradze, Natalia"]
[Result "0-1"]
[WhiteElo "2335"]
[BlackElo "2210"]

1.d4 Nf6 2.c4 e6 3.Nf3 Bb4+ 4.Bd2 Qe7 5.g3 O-O 6.Bg2 Bxd2+ 7.Qxd2 Ne4 8.Qc2 f5
9.O-O d6 10.Nc3 Nxc3 11.Qxc3 Nd7 12.b4 e5 13.Rad1 e4 14.Nd2 Nf6 15.d5 Bd7
16.Nb3 Qf7 17.Qd4 Qh5 18.f3 Rae8 19.Nd2 f4 20.Nxe4 Nxe4 21.fxe4 fxg3 22.hxg3 Qxe2
23.Rxf8+ Rxf8 24.Rf1 Rxf1+ 25.Bxf1 Qe1 26.Qf2 Qxe4 27.Qxa7 h5 28.Qb8+ Kh7
29.Kh2 Qe3 30.Bg2 Bg4 31.Kh1 Qxg3 32.Qxc7 h4 33.c5 Bf5 34.Qxd6 Qe1+ 35.Kh2 Qf2
36.Qe5 h3 37.Qg3 Qxg3+ 38.Kxg3 hxg2 39.Kxg2 Be4+ 40.Kg3 Bxd5 41.a4 Kg6 42.b5 Kf5
43.a5 Bc4 44.c6 bxc6 45.bxc6 Bd5 46.c7 Bb7 47.Kf2 g5  0-1

[Event "Wch U20 Girls"]
[Site "Matinhos"]
[Date "1994.??.??"]
[Round "?"]
[White "Kadimova, Ilaha"]
[Black "Dadikina, Anna"]
[Result "1/2-1/2"]
[WhiteElo "2335"]
[BlackElo "2135"]

1.d4 Nf6 2.c4 e6 3.Nf3 Bb4+ 4.Bd2 Qe7 5.g3 Bxd2+ 6.Nbxd2 O-O 7.Bg2 d6 8.O-O e5
9.e4 a5 10.Re1 Nc6 11.d5 Nb8 12.b3 Na6 13.a3 c6 14.b4 Bd7 15.Qb1 axb4 16.dxc6 bxc6
17.axb4 Rfb8 18.Ra4 Ne8 19.Qa1 Nec7 20.Rb1 c5 21.b5 Nb4 22.Rxa8 Rxa8 23.Qc3 Qd8
24.Ne1 Ne6 25.Nd3 Nd4 26.Kf1 Nbc2 27.Ne1 Nxe1 28.Kxe1  1/2-1/2

[Event "Fide Mercenarios 1st"]
[Site "MEX"]
[Date "1994.??.??"]
[Round "4"]
[White "De Winter, Willy"]
[Black "Gonzalez, Roberto"]
[Result "1/2-1/2"]
[WhiteElo "2175"]
[BlackElo "2000"]

1.d4 Nf6 2.c4 e6 3.Nf3 Bb4+ 4.Bd2 Be7 5.Nc3 d5 6.e3 O-O 7.Bd3 dxc4 8.Bxc4 c5
9.O-O cxd4 10.exd4 Nbd7 11.Re1 Nb6 12.Bb3 Nbd5 13.a3 b6 14.Rc1 Nxc3 15.Rxc3 Bb7
16.Bf4 Nd5 17.Bxd5 Bxd5 18.Ne5 Rc8 19.Rh3 Bg5 20.Qh5 h6 21.Qg4 Bxf4 22.Qxf4 Qg5
23.Qxg5 hxg5 24.Rc3 f6 25.Ng4 Rc4 26.Rxc4 Bxc4 27.Ne3 Bb3 28.Rc1 Rd8 29.Rc3 Ba2
30.Rd3 e5 31.d5 g6 32.g4 Kf7 33.Kg2 f5 34.gxf5 gxf5 35.f3 Kf6 36.Kf2 e4 37.fxe4 fxe4
38.Rd2 Ke5 39.Kg3 Bxd5 40.Ng4+ Kd6 41.Nf6 Ke5 42.Ng4+ Ke6 43.Ne3 a5 44.Kg4 Ke5
45.Kg3 b5 46.Ng4+ Ke6 47.Ne3 a4 48.Kg4 Ke5 49.Kg3 Rd7 50.Ng4+  1/2-1/2

[Event "BLR-ch"]
[Site "Minsk"]
[Date "1994.??.??"]
[Round "1"]
[White "Dydyshko, Viacheslav"]
[Black "Zajogin, Alexander"]
[Result "1/2-1/2"]
[WhiteElo "2505"]
[BlackElo "2380"]

1.d4 Nf6 2.c4 e6 3.Nf3 Bb4+ 4.Bd2 a5 5.Nc3 b6 6.e3 Ba6 7.Bd3 d5 8.Qe2 O-O
9.O-O c6 10.b3 Nbd7 11.e4 Bxc3 12.Bxc3 dxe4 13.Bxe4 Nxe4 14.Qxe4 b5 15.Nd2 Qc7
16.Rfe1 b4 17.Bb2 a4 18.Nf3 c5 19.Rad1 axb3 20.axb3 Bb7 21.d5 exd5 22.cxd5 Ra6
23.h4 Nf6 24.Qf5 Qc8 25.Qxc8 Rxc8 26.Re7 Ba8  1/2-1/2